000 00611nam a22002297a 4500
001 00028938
005 20260428193345.0
008 260428b ag ||||| |||| 00| 0 spa d
020 _a8475833594
040 _aAR-CcCEOS
_bspa
_cAR-CcCEOS
041 _aspa
080 _a94:7(495)
090 _bLEV v.2
100 1 _aLevi, Peter
_91145
245 _aGrecia :
_bCuna de Occidente : Volumen II /
_cPeter Levi
264 _aBarcelona :
_bFolio,
_c1993.
300 _a239 p. ;
_c24x18 cm.
490 _vAtlas culturales del mundo
650 0 _ahistoria
_990
655 0 _aarte
_9138
942 _2udc
_cCF
_n0
999 _c28990
_d28990